José de Ribera y su arte (Record no. 139319)

MARC details
000 -LEADER
campo de control de longitud fija 00896nam a2200217 i 4500
001 - NÚMERO DE CONTROL
campo de control 139319
003 - IDENTIFICADOR DE NÚMERO DE CONTROL
campo de control ES-MaACL
005 - FECHA Y HORA DE LA ÚLTIMA TRANSACCIÓN
campo de control 20250817140423.0
007 - CAMPO FIJO DE DESCRIPCIÓN FÍSICA--INFORMACIÓN GENERAL
campo de control de longitud fija t|
008 - DATOS DE LONGITUD FIJA--INFORMACIÓN GENERAL
campo de control de longitud fija 070214s1947 sp r ||||1| spa d
100 1# - ENTRADA PRINCIPAL--NOMBRE DE PERSONA
Nombre de persona Sarthou Carreres, Carlos.
9 (RLIN) 103879
245 10 - MENCIÓN DEL TÍTULO
Título José de Ribera y su arte
Resto del título : el Españoleto y su patria /
Mención de responsabilidad, etc. Carlos Sarthou Carreres ; prólogo del Marqués de Lozoya.
260 ## - PUBLICACIÓN, DISTRIBUCIÓN, ETC.
Lugar de publicación, distribución, etc. Valencia :
Nombre del editor, distribuidor, etc. [s.n.],
Fecha de publicación, distribución, etc. 1947 (
Fabricante Imp. Semana Gráfica)
300 ## - DESCRIPCIÓN FÍSICA
Extensión 186 p., 2 lám. :
Otras características físicas il. ;
Dimensiones 24 cm.
490 1# - MENCIÓN DE SERIE
Mención de serie Ediciones de historia para la divulgación cultural jetabense
600 14 - PUNTO DE ACCESO ADICIONAL DE MATERIA--NOMBRE DE PERSONA
Nombre de persona Ribera, José de,
Fechas asociadas al nombre 1591-1652
9 (RLIN) 96775
700 1# - ENTRADA AGREGADA--NOMBRE PERSONAL
Nombre de persona Lozoya, Juan de Contreras y López de Ayala,
Títulos y otros términos asociados al nombre Marqués de,
Fechas asociadas al nombre 1893-1978
9 (RLIN) 129112
830 0# - PUNTO DE ACCESO ADICIONAL DE SERIE-TÍTULO UNIFORME
Título uniforme Ediciones de historia para la divulgación cultural jetabense
9 (RLIN) 220213
852 ## - LOCALIZACIÓN
Ubicación ES-MaACL
Número de control de estantería C-4648
Sublocalización o colección R.25358
Holdings
Estatus retirado Estado de pérdida Estado de daño No para préstamo Biblioteca de origen Biblioteca actual Ubicación en estantería Fecha de adquisición Fuente de adquisición Total de préstamos Signatura topográfica completa Código de barras Visto por última vez Precio de reemplazo Tipo de ítem Koha
        Biblioteca del Ateneo de Madrid Biblioteca del Ateneo de Madrid Sala Palomar 17/01/2008     C-4648 1144984 23/02/2023 23/02/2023 Libro impreso